Renewable energy (Record no. 111983)

MARC details
000 -LEADER
fixed length control field 00860cad a22002295a 4500
001 - CONTROL NUMBER
control field E152308
008 - FIXED-LENGTH DATA ELEMENTS--GENERAL INFORMATION
fixed length control field 110221s2010 xxk f s 000 0 eng d
020 ## - INTERNATIONAL STANDARD BOOK NUMBER
International Standard Book Number 9781842195963
035 ## - SYSTEM CONTROL NUMBER
System control number (Sirsi) u152308
041 0# - LANGUAGE CODE
Language code of text/sound track or separate title eng
100 1# - MAIN ENTRY--PERSONAL NAME
Personal name Fane, Peter
111 2# - MAIN ENTRY--MEETING NAME
Meeting name or jurisdiction name as entry element RICS Roots Rural Research Conference
Location of meeting Plumpton College
Date of meeting or treaty signing 13-14 April, 2010
245 01 - TITLE STATEMENT
Title Renewable energy
Medium [electronic resource]
260 ## - PUBLICATION, DISTRIBUTION, ETC.
Place of publication, distribution, etc. London
Name of publisher, distributor, etc. RICS
Date of publication, distribution, etc. 2010
520 ## - SUMMARY, ETC.
Summary, etc. A paper presented at the RICS Roots Rural Research Conference held at Plumpton College on 13-14 April, 2010.
521 ## - TARGET AUDIENCE NOTE
Target audience note Advanced
590 ## - LOCAL NOTE (RLIN)
Local note KA
651 #4 - SUBJECT ADDED ENTRY--GEOGRAPHIC NAME
Geographic name United Kingdom
Chronological subdivision
690 ## - LOCAL SUBJECT ADDED ENTRY--TOPICAL TERM (OCLC, RLIN)
Topical term or geographic name as entry element ENVIRONMENTAL AND LAND CONSULTANCY-ENERGY
856 40 - ELECTRONIC LOCATION AND ACCESS
Uniform Resource Identifier <a href="https://www.rics.org/profession-standards/knowledge-and-information-services/document-delivery-and-o">https://www.rics.org/profession-standards/knowledge-and-information-services/document-delivery-and-o</a>
Public note email [email protected] to request a copy
942 ## - ADDED ENTRY ELEMENTS (KOHA)
Suppress in OPAC 0
Holdings
Withdrawn status Lost status Source of classification or shelving scheme Damaged status Not for loan Home library Current library Shelving location Date acquired Total Checkouts Full call number Date last seen Copy number Price effective from Koha item type
    Dewey Decimal Classification     Virtual Virtual Online 21/02/2011   SCAN 07/11/2023 1 06/08/2019 Online material